00800nam a2200145Ia 4500008004100000020001800041100008700059245022800146260002700374650008700401650001500488856004200503999001900545952009000564171212s9999 xx 000 0 und d a9780833039750 aSilberglitt, Richard;Anton, Philip S.;Howell, David R.;Wong, Anny;Gassman, Natalie cSilberglitt, Richard;Anton, Philip S.;Howell, David R.;Wong, Anny;Gassman, NatalieaThe Global Technology Revolution 2020, In-Depth Analyses: Bio/Nano/Materials/Information Trends, Drivers, Barriers, and Social Implications bRAND Corporationc2006 aTechnological forecasting; Technology -- Social aspects; National security -- Iraq aTechnology uwww.jstor.org/stable/10.7249/tr303nic c352669d352669 001040aCLbCLd2017-12-12l0oT174.G5455 2006r2017-12-12 00:00:00w2017-12-12yCBE